| 000 | 00351nam a2200145Ia 4500 | ||
|---|---|---|---|
| 008 | 210210b1976 xxu||||| |||| 00| 0 eng d | ||
| 082 | _a158 MAUJ | ||
| 100 | _aMAURUS (J). | ||
| 245 | _aJust a moment please! | ||
| 250 | _a | ||
| 260 |
_aAllahabad _bBetter yourself books _c1976 |
||
| 300 | _a371 | ||
| 690 | _aApplied Psychology | ||
| 906 | _aSG01462 | ||
| 999 |
_c112664 _d112664 |
||